00307nam a2200109Ia 4500008004100000020000600041082001900047100002100066245004000087260004700127300002300174250731s9999 xx 000 0 und d a0 a 630.91732 RAZ aAbdul Razzaq Ali 0aDhivehi dhanguringe Aaiymathee foiy aMale Maldivesb Dhagatha Publishers c2023 a118P.: ill; 29 cm.